[Event "Aragon-chT Preferente A"]
[Site "Aragon"]
[Date "2015.01.31"]
[Round "2.47"]
[White "Lanaspa Ballesteros, Federico"]
[Black "Buil Rello, Jose Antonio"]
[Result "0-1"]
[WhiteElo "1611"]
[BlackElo "1921"]
[PlyCount "116"]
[EventDate "2015.01.24"]
[EventType "team-tourn"]
[EventRounds "11"]
[EventCountry "ESP"]
[SourceTitle "EXT 2017"]
[Source "ChessBase"]
[SourceDate "2016.10.25"]
[SourceVersion "1"]
[SourceVersionDate "2016.10.25"]
[SourceQuality "1"]
[WhiteTeam "Aragon ONCE II"]
[BlackTeam "Jaime Casas II"]
[WhiteTeamCountry "ESP"]
[BlackTeamCountry "ESP"]

1. d4 Nf6 2. Nf3 d6 3. c4 Nbd7 4. Nc3 c6 5. e4 e5 6. Be2 Qc7 7. 0-0 Be7 8. dxe5 dxe5 9. Qc2 a5 10. Rd1 0-0 11. Bg5 Nc5 12. Rd2 Be6 13. Rad1 Rad8 14. h3 Rxd2 15. Rxd2 Rd8 16. Rxd8+ Bxd8 17. Bh4 Kf8 18. Bg3 Nfd7 19. Nd4 Qd6 20. Nxe6+ Nxe6 21. Bg4 Nd4 22. Qd1 Nf6 23. Bc8 b6 24. f4 exf4 25. Bxf4 Qxf4 26. Qxd4 Bc7 27. Bf5 h5 28. Ne2 Qe5 29. Kf2 g6 30. Bc8 Nxe4+ 31. Ke3 Nc5+ 32. Qxe5 Bxe5 33. b3 Ke7 34. h4 f5 35. Nf4 Bxf4+ 36. Kxf4 Kf6 37. Ke3 g5 38. hxg5+ Kxg5 39. Kf3 h4 40. g4 f4 41. Bf5 h3 42. Kf2 Nb7 43. Kg1 Nd6 44. Bd7 f3 45. Bxc6 Kxg4 46. Kf2 Kf4 47. Bxf3 Ne4+ 48. Ke2 Nc3+ 49. Kf2 Nxa2 50. Bb7 Nc1 51. Bc8 h2 52. Kg2 Nxb3 53. Bd7 Ke5 54. Kxh2 Kd4 55. Bb5 Nc5 56. Kg2 a4 57. Kf1 a3 58. Be8 a2 0-1

[Event "Zaragoza-ch Segunda 1st"]
[Site "Zaragoza"]
[Date "2014.11.30"]
[Round "9.1"]
[White "Lanaspa Ballesteros, Federico"]
[Black "De Pablo Raga, Tomas"]
[Result "1/2-1/2"]
[WhiteElo "1648"]
[BlackElo "1586"]
[PlyCount "72"]
[EventDate "2014.09.28"]
[EventType "swiss"]
[EventRounds "9"]
[EventCountry "ESP"]
[SourceTitle "EXT 2024"]
[Source "ChessBase"]
[SourceDate "2023.10.10"]
[SourceVersion "1"]
[SourceVersionDate "2023.10.10"]
[SourceQuality "1"]

1. d4 Nf6 2. c4 e6 3. Nc3 Bb4 4. Qc2 Nc6 5. Nf3 0-0 6. Bg5 h6 7. Bh4 Re8 8. e4 g5 9. Bg3 Bxc3+ 10. bxc3 Nh5 11. Bd3 d5 12. e5 Kg7 13. Nd2 Nxg3 14. fxg3 Ne7 15. g4 c6 16. c5 Rh8 17. Nf3 Bd7 18. Rb1 b5 19. cxb6 axb6 20. Qb3 b5 21. 0-0 Qa5 22. Rb2 Qa3 23. Rfb1 Ra7 24. Qc2 Rha8 25. Nd2 Nc8 26. Nb3 Qe7 27. Nc5 Nb6 28. Qf2 Na4 29. Nxa4 Rxa4 30. Rf1 Ra3 31. Bb1 Rxc3 32. Qd2 Raa3 33. Rb3 Rcxb3 34. axb3 Rxb3 35. Qc2 Rxb1 36. Rxb1 Be8 1/2-1/2

[Event "Zaragoza-ch Segunda 1st"]
[Site "Zaragoza"]
[Date "2014.11.23"]
[Round "8.1"]
[White "Vallejo Blasco, Arturo"]
[Black "Lanaspa Ballesteros, Federico"]
[Result "0-1"]
[WhiteElo "1626"]
[BlackElo "1648"]
[PlyCount "164"]
[EventDate "2014.09.28"]
[EventType "swiss"]
[EventRounds "9"]
[EventCountry "ESP"]
[SourceTitle "EXT 2024"]
[Source "ChessBase"]
[SourceDate "2023.10.10"]
[SourceVersion "1"]
[SourceVersionDate "2023.10.10"]
[SourceQuality "1"]

1. e4 c5 2. Nf3 d6 3. d4 cxd4 4. Nxd4 Nf6 5. Nc3 g6 6. Bg5 Bg7 7. Qd2 h6 8. Be3 Ng4 9. Bc4 Nxe3 10. Qxe3 Nd7 11. 0-0-0 Nf6 12. h3 Bd7 13. f4 h5 14. Qf3 Rc8 15. Bb3 0-0 16. f5 gxf5 17. Nxf5 Bxf5 18. Qxf5 Rc5 19. Qf3 Qa5 20. Nd5 Nxd5 21. exd5 Rfc8 22. Rhf1 f6 23. Qe2 Rc3 24. bxc3 Qxc3 25. Rd4 Qa1+ 26. Kd2 Qxd4+ 27. Qd3 Bh6+ 28. Ke2 Qe5+ 29. Kd1 Kf7 30. Qh7+ Bg7 31. Qf5 Qa1+ 32. Ke2 Qe5+ 33. Qxe5 dxe5 34. Rd1 Ke8 35. Kd3 Rd8 36. Ke2 Rd6 37. Rd3 Bh6 38. c4 b6 39. Ba4+ Kf8 40. Bc6 Bc1 41. Rb3 f5 42. Kd1 Bh6 43. Ra3 Rg6 44. g3 f4 45. gxf4 exf4 46. Rxa7 f3 47. Ra8+ Kg7 48. Ke1 Be3 49. Kd1 f2 50. Ke2 Bc5 51. d6 exd6 52. Ra7+ Kf6 53. Bd5 Ke5 54. Re7+ Kf4 55. Rf7+ Kg3 56. Rf3+ Kh2 57. h4 Rg1 58. Rxf2+ Bxf2 59. Kxf2 Rg4 60. a4 Rxh4 61. Ke3 Rg4 62. Bf3 Rg3 63. Kf4 h4 64. Bd5 h3 65. Kf5 Kg1 66. Ke6 h2 67. Kxd6 Rg2 68. Bxg2 Kxg2 69. Kc6 h1Q 70. Kxb6 Qb1+ 71. Kc5 Qa2 72. Kb5 Qb3+ 73. Kc5 Qxa4 74. Kd5 Qd1+ 75. Kc6 Kf3 76. c5 Ke4 77. Kb7 Qd7+ 78. Kb6 Kd5 79. c6 Qxc6+ 80. Ka5 Qb7 81. Ka4 Kc4 82. Ka3 Qb3# 0-1

[Event "Milan SSM op-B 08"]
[Site "Milan"]
[Date "2014.07.31"]
[Round "3"]
[White "Lanaspa Ballesteros, Federico"]
[Black "Figini, Vittorio"]
[Result "0-1"]
[WhiteElo "1585"]
[BlackElo "1446"]
[PlyCount "74"]
[EventDate "2014.07.29"]
[EventType "swiss"]
[EventRounds "7"]
[EventCountry "ITA"]
[SourceTitle "EXT 2022"]
[Source "ChessBase"]
[SourceDate "2021.10.06"]
[SourceVersion "1"]
[SourceVersionDate "2021.10.06"]
[SourceQuality "1"]

1. d4 Nf6 2. c4 e6 3. Nc3 b6 4. Nf3 Bb7 5. e3 Be7 6. Bd3 d5 7. cxd5 Nxd5 8. 0-0 0-0 9. e4 Nb4 10. Bb1 c5 11. a3 N4a6 12. d5 exd5 13. exd5 Nc7 14. Qd3 g6 15. Bh6 Re8 16. Rd1 Bd6 17. Ne4 f6 18. Ba2 b5 19. Nxd6 Qxd6 20. g3 Nd7 21. Bf4 Ne5 22. Nxe5 fxe5 23. Bh6 c4 24. Qe4 Bxd5 25. Qe2 Qe6 26. Be3 Rf8 27. Qf1 Rf3 28. Rac1 a6 29. Bb1 Raf8 30. Rc3 h5 31. b3 h4 32. bxc4 bxc4 33. Be4 Bxe4 34. Rxc4 Rxe3 35. Rxc7 hxg3 36. hxg3 Rxg3+ 37. Kh2 Rg2+ 0-1

[Event "Aragon-chT Preferente B"]
[Site "Aragon"]
[Date "2014.02.01"]
[Round "2.72"]
[White "Lanaspa Ballesteros, Federico"]
[Black "Solanas Godes, Beatriz"]
[Result "0-1"]
[WhiteElo "1601"]
[BlackElo "1861"]
[PlyCount "64"]
[EventDate "2014.01.25"]
[EventType "team-tourn"]
[EventRounds "9"]
[EventCountry "ESP"]
[SourceTitle "EXT 2015"]
[Source "ChessBase"]
[SourceDate "2014.11.20"]
[SourceVersion "1"]
[SourceVersionDate "2014.11.20"]
[SourceQuality "1"]
[WhiteTeam "Aragon ONCE II"]
[BlackTeam "St Casablanca III"]
[WhiteTeamCountry "ESP"]
[BlackTeamCountry "ESP"]

1. e4 e5 2. Nf3 Nc6 3. Bb5 d6 4. d4 Bd7 5. d5 Nce7 6. Bd3 Nf6 7. Nc3 c6 8. 0-0 cxd5 9. exd5 Nexd5 10. Ne4 Nb4 11. Nxf6+ gxf6 12. Bc4 Rc8 13. Bb3 Rg8 14. Be3 Bh3 15. Nh4 Bg4 16. f3 Bd7 17. Bxa7 b6 18. a3 Nc6 19. f4 Nxa7 20. fxe5 dxe5 21. Qh5 Qe7 22. Qxh7 Rg7 23. Qd3 Bb5 24. c4 Qc5+ 25. Kh1 Bxc4 26. Bxc4 Qxc4 27. Qxc4 Rxc4 28. Nf5 Rg6 29. h4 Rc2 30. Rg1 Rf2 31. Ne3 Rxb2 32. Rac1 Bc5 0-1